000 00514nam a22001697a 4500
003 BD-ChCU
005 20251215104011.0
008 251215b bg ||||| |||| 00| 0 ben d
040 _cBD-ChCU
082 _a361.61 STS
100 _aStifel, Laurence D. & Davidson, R. ed.
_918127
245 _aSocial Sciences and public policy i the developing world.//
_cD. Laurence Stifel.
260 _aLexington,
_bLexington Books.
_c1982
300 _axix, 401p
650 0 _aSocial Sciences.
_918130
942 _2ddc
_cBK
_n0
999 _c110442
_d110442